[Event "Bulan Sogotu Yurtaev Memorial"]
[Site "Bulan Sogotu"]
[Date "2024.06.18"]
[Round "6"]
[White "Maznitsin, Andrei"]
[Black "Fakhriddinxujaev, Umarxon"]
[Result "1/2-1/2"]
[WhiteElo "2164"]
[BlackElo "2004"]
[PlyCount "86"]
[EventDate "2024.06.13"]
[EventType "swiss"]
[EventRounds "9"]
[EventCountry "KGZ"]
[SourceTitle "EXT 2025"]
[Source "ChessBase"]
[SourceDate "2024.10.14"]
[SourceVersion "1"]
[SourceVersionDate "2024.10.14"]
[SourceQuality "1"]

1. c4 e6 2. Nf3 d5 3. g3 Nf6 4. Bg2 Be7 5. d4 0-0 6. 0-0 Nbd7 7. Qc2 c6 8. Nbd2 a5 9. e4 b6 10. Re1 Bb7 11. Ne5 Rc8 12. exd5 cxd5 13. Qa4 Bb4 14. Nxd7 Nxd7 15. cxd5 Bxd5 16. Bxd5 exd5 17. a3 Be7 18. Nf3 Re8 19. Bf4 Nf8 20. Rac1 Rxc1 21. Rxc1 Ne6 22. Bc7 Nxc7 23. Rxc7 Qxc7 24. Qxe8+ Bf8 25. Ne5 Qe7 26. Qc8 g6 27. Nd7 Qe1+ 28. Kg2 Qe4+ 29. f3 Qe2+ 30. Kh3 Qe6+ 31. g4 Qd6 32. Kg2 Kg7 33. Nxf8 Qxf8 34. Qd7 Qa8 35. Kg3 a4 36. Qd6 Qa5 37. Qe5+ Kg8 38. Qe8+ Kg7 39. Qe7 Kg8 40. Qe5 Qa7 41. Qe6 Qc7+ 42. Qd6 Qb7 43. Qxd5 Qxd5 1/2-1/2

[Event "Bulan Sogotu Yurtaev Memorial"]
[Site "Bulan Sogotu"]
[Date "2024.06.14"]
[Round "2"]
[White "Abitov, Zhandilda"]
[Black "Fakhriddinxujaev, Umarxon"]
[Result "0-1"]
[WhiteElo "1840"]
[BlackElo "2004"]
[PlyCount "50"]
[EventDate "2024.06.13"]
[EventType "swiss"]
[EventRounds "9"]
[EventCountry "KGZ"]
[SourceTitle "EXT 2025"]
[Source "ChessBase"]
[SourceDate "2024.10.14"]
[SourceVersion "1"]
[SourceVersionDate "2024.10.14"]
[SourceQuality "1"]

1. e4 c5 2. Nf3 d6 3. d4 cxd4 4. Nxd4 Nf6 5. Nc3 Nc6 6. Be2 g6 7. Bg5 Bg7 8. Nb3 0-0 9. Qd2 a5 10. a4 Be6 11. Nc1 Rc8 12. Bb5 Nb4 13. f3 d5 14. N1e2 d4 15. 0-0 dxc3 16. bxc3 Qxd2 17. Bxd2 Nxc2 18. Rac1 Na3 19. Nd4 Bc4 20. Bxc4 Nxc4 21. Bg5 h6 22. Bh4 Nb2 23. Rb1 Nxa4 24. Rxb7 Nxc3 25. Rxe7 Nfxe4 0-1

[Event "UZB-ch"]
[Site "Tashkent"]
[Date "2024.04.29"]
[Round "19"]
[White "Fakhriddinxujaev, Umarxon"]
[Black "Yakubboev, Nodirbek"]
[Result "0-1"]
[WhiteElo "2085"]
[BlackElo "2665"]
[PlyCount "108"]
[EventDate "2024.04.20"]
[EventType "tourn (rapid)"]
[EventRounds "23"]
[EventCountry "UZB"]
[EventCategory "5"]
[SourceTitle "EXT 2025"]
[Source "ChessBase"]
[SourceDate "2024.10.14"]
[SourceVersion "1"]
[SourceVersionDate "2024.10.14"]
[SourceQuality "1"]

1. d4 Nf6 2. c4 e6 3. Nf3 a6 4. Nc3 d5 5. g3 dxc4 6. Bg2 b5 7. a4 b4 8. Nb1 Bb7 9. Bg5 c5 10. Nbd2 c3 11. bxc3 bxc3 12. Nb3 cxd4 13. Nbxd4 Bb4 14. 0-0 0-0 15. Qc1 h6 16. Nc2 hxg5 17. Nxb4 g4 18. Ne1 Bxg2 19. Nxg2 Qd4 20. Qa3 Rc8 21. Rfd1 Qc5 22. Nd3 Qxa3 23. Rxa3 Ra7 24. Rc1 Rac7 25. Ne3 Nbd7 26. Nd1 c2 27. Ne3 a5 28. Ra2 Nb6 29. Rcxc2 Rxc2 30. Nxc2 Nfd5 31. Nd4 Nc3 32. Rc2 Ncxa4 33. Rxc8+ Nxc8 34. Nc6 Nc3 35. Nxa5 Nxe2+ 36. Kf1 Nd4 37. Ne5 f5 38. Nb7 Kf8 39. Ke1 Ke7 40. Nc5 Kd6 41. Ncd3 Nb6 42. Kd2 Nd5 43. Nc4+ Ke7 44. Nde5 Nb5 45. Ne3 Nf6 46. Ke2 Kd6 47. Nf7+ Kc5 48. Ng5 Kd6 49. h3 Nd4+ 50. Kd3 Nf3 51. Nxf3 gxf3 52. g4 g6 53. gxf5 gxf5 54. Ng2 fxg2 0-1

[Event "UZB-ch"]
[Site "Tashkent"]
[Date "2024.04.28"]
[Round "18"]
[White "Saydaliev, Akobirkhon"]
[Black "Fakhriddinxujaev, Umarxon"]
[Result "1-0"]
[WhiteElo "2213"]
[BlackElo "2085"]
[PlyCount "103"]
[EventDate "2024.04.20"]
[EventType "tourn (rapid)"]
[EventRounds "23"]
[EventCountry "UZB"]
[EventCategory "5"]
[SourceTitle "EXT 2025"]
[Source "ChessBase"]
[SourceDate "2024.10.14"]
[SourceVersion "1"]
[SourceVersionDate "2024.10.14"]
[SourceQuality "1"]

1. d4 d5 2. c4 e6 3. Nc3 Be7 4. cxd5 exd5 5. Qc2 c6 6. Bf4 g6 7. e3 Bf5 8. Qd2 Bd6 9. Bxd6 Qxd6 10. f3 h5 11. Bd3 Bxd3 12. Qxd3 Nd7 13. Nge2 Ngf6 14. e4 dxe4 15. fxe4 Ng4 16. Qd2 Nb6 17. b3 Qf6 18. 0-0-0 Qf2 19. Rdf1 Qe3 20. Qxe3 Nxe3 21. Rf3 Ng4 22. h3 Nh6 23. Rhf1 0-0 24. e5 c5 25. dxc5 Nd7 26. Ne4 Nxe5 27. Re3 Nd7 28. Rd3 Rae8 29. N2c3 Ne5 30. Rd5 Re7 31. Nd6 b6 32. Kc2 Nc6 33. Rf4 Rd8 34. b4 Red7 35. a3 a5 36. Nce4 Kg7 37. Nf6 Re7 38. b5 Ne5 39. cxb6 g5 40. Nf5+ Nxf5 41. Rxf5 Rc8+ 42. Kb3 Nc4 43. Nxh5+ Kh6 44. Rc5 Nd2+ 45. Kc2 Rxc5+ 46. Rxc5 Ne4 47. Rc7 Re5 48. a4 Nd6 49. Nf6 Re2+ 50. Kd3 Ra2 51. Rd7 Ra3+ 52. Kc2 1-0